A call for sanity, a call for peace: the Indian Christian response to the nuclear weapon race in South Asia (Record no. 37845)

000 -LEADER
fixed length control field 00409pab a2200145 454500
008 - FIXED-LENGTH DATA ELEMENTS--GENERAL INFORMATION
fixed length control field 180718b1998 xxu||||| |||| 00| 0 eng d
100 ## - MAIN ENTRY--PERSONAL NAME
Personal name Dayal, John
245 ## - TITLE STATEMENT
Title A call for sanity, a call for peace: the Indian Christian response to the nuclear weapon race in South Asia
260 ## - PUBLICATION, DISTRIBUTION, ETC.
Date of publication, distribution, etc. 1998
300 ## - PHYSICAL DESCRIPTION
Extent p.8-11
362 ## - DATES OF PUBLICATION AND/OR SEQUENTIAL DESIGNATION
Dates of publication and/or sequential designation 30 May
650 ## - SUBJECT ADDED ENTRY--TOPICAL TERM
Topical term or geographic name entry element Nuclear weapons
773 ## - HOST ITEM ENTRY
Main entry heading Young Indian
909 ## -
-- 37845
Holdings
Withdrawn status Lost status Damaged status Not for loan Permanent Location Current Location Date acquired Serial Enumeration / chronology Barcode Date last seen Price effective from Koha item type
        Indian Institute of Public Administration Indian Institute of Public Administration 2018-07-19 Volume no: 8, Issue no: 43 AR38183 2018-07-19 2018-07-19 Articles

Powered by Koha